| 000 | 00655nam a2200229 u 4500 | ||
|---|---|---|---|
| 005 | 20241129063747.0 | ||
| 008 | 150225s2004 es r 000 0 spa d | ||
| 020 | _a9688931497 (10 dígitos) | ||
| 020 | _a9789688931493 (13 dígitos) | ||
| 035 | _aUPN01000202086 | ||
| 049 | _aI | ||
| 050 | 4 |
_aLB1598 _bH3.4 |
|
| 245 | 0 | 0 | _aHagamos una fiesta. |
| 260 |
_aLeón, Esp. : _bEverest, _c2004. |
||
| 300 |
_a63 p. : _bil. col. |
||
| 440 | 0 |
_aDisney art attack. _pJuega y crea |
|
| 650 | 4 |
_aTrabajos manuales (Educación) _96600 |
|
| 650 | 2 |
_aCreatividad _95008 |
|
| 650 | 4 |
_aARTE - _vLITERATURA JUVENIL _92494 |
|
| 905 | _aInfantil | ||
| 999 |
_c174187 _d174187 |
||